000 002490000a22000970004500
100 1 _aHorrell, J. Scott
245 1 0 _aOverview of brazilian theology
300 _aVol. 7, Num. 1 (Junio, 1997), Páginas 85-112
773 0 _tVox Scripturae
942 _cANA
999 _c57154
_d57154